000 00446nam a2200157Ia 4500
008 240729s9999 xx 000 0 und d
022 _a2063-0476
245 0 _aStudies in Agricultural Economics
260 _aHungary
260 _bInstitute of Agricultural Economics (AKI)
650 _a Agriculture (General)
650 _aAgriculture
856 _uhttps://doaj.org/toc/0c77d345108141b6bb23b287a00aef2c
942 _2ddc
942 _cDOAJEJ
999 _c73329
_d73329
945 _a1
_bMadushi Gamage
_c1
_dMadushi Gamage